| 000 | 00720nam a22002177a 4500 | ||
|---|---|---|---|
| 999 |
_c2948 _d2948 |
||
| 001 | 2948 | ||
| 003 | BD-JhCC | ||
| 005 | 20171108181716.0 | ||
| 008 | 171108s1964 bg |||| |||| 000 0 ben d | ||
| 035 | _a(BD-JhCC)2948 | ||
| 040 |
_aBD-JhCC _dBD-JhCC |
||
| 041 | _aben | ||
| 082 |
_a491.445 _bALI 1964 |
||
| 100 | _aআলী, মোহাম্মাদ নাসির | ||
| 245 |
_aআদর্শ বাংলা ব্যাকরণ / _cমোহাম্মাদ নাসির আলী |
||
| 260 |
_aঢাকা: _bনওরোজ কিতাবিস্তান, _c১৯৬৪. |
||
| 300 |
_a১৫৪ পৃ. : _c২২ সেমি. |
||
| 650 | _aBengali Grammar | ||
| 942 |
_2ddc _cBK |
||